| 000 | 00900nam a22001937a 4500 | ||
|---|---|---|---|
| 001 | 8009 | ||
| 003 | FISKH | ||
| 005 | 20250818155756.0 | ||
| 008 | 250818b cb ||||| |||| 00| 0 eng d | ||
| 040 |
_aFISKH _beng _cFISKH _dFISKH |
||
| 082 | _a709 | ||
| 100 | _aAnonymous | ||
| 245 |
_aThe world of art : _cThe wonderful world of knowledge / |
||
| 260 |
_aNew York : _bDisney Enterprise, _c2010. |
||
| 300 |
_a57 pages : _bcolor illustrations ; _c26 cm |
||
| 520 | _aThis volume from Disney’s The Wonderful World of Knowledge encyclopedia series introduces children to the world of art. It covers the history of art from ancient cave paintings to modern works, explains different art styles and techniques, and introduces famous artists. The book uses simple explanations, illustrations, and Disney characters to make learning engaging for young readers. | ||
| 942 |
_2ddc _cBK _n0 |
||
| 999 |
_c8009 _d8009 |
||